Catálogo público

Identificación del agente causal del tizón en plántulas de hortalizas bajo invernadero, en Texcoco Estado de México / (Record no. 219778)

MARC details
000 -CABECERA
campo de control de longitud fija 02693nam a22002897a 4500
003 - IDENTIFICADOR DEL NÚMERO DE CONTROL
campo de control OSt
005 - FECHA Y HORA DE LA ÚLTIMA TRANSACCIÓN
campo de control 20240904140733.0
007 - CAMPO FIJO DE DESCRIPCIÓN FÍSICA--INFORMACIÓN GENERAL
campo de control de longitud fija cr ||||||a|c|a
008 - DATOS DE LONGITUD FIJA--INFORMACIÓN GENERAL
campo de control de longitud fija 240304s2022 mx ||||fom||| 001 0 spa d
040 ## - FUENTE DE LA CATALOGACIÓN
Normas de descripción rda
100 1# - ENTRADA PRINCIPAL--NOMBRE DE PERSONA
9 (RLIN) 188607
Nombre de persona Cisneros Sandoval, Elvira Lizet
245 10 - MENCIÓN DE TÍTULO
Título Identificación del agente causal del tizón en plántulas de hortalizas bajo invernadero, en Texcoco Estado de México /
Mención de responsabilidad, etc. por Elvira Lizet Cisneros Sandoval; director Luis Othón Espinosa Carrillo
264 #1 - PRODUCCIÓN, PUBLICACIÓN, DISTRIBUCIÓN, FABRICACIÓN Y COPYRIGHT
Producción, publicación, distribución, fabricación y copyright Chapingo, México :
Nombre del de productor, editor, distribuidor, fabricante El autor,
Fecha de producción, publicación, distribución, fabricación o copyright 2022
300 ## - DESCRIPCIÓN FÍSICA
Extensión 1 recurso en línea (61 páginas).
Otras características físicas Figuras, tablas
336 ## - TIPO DE CONTENIDO
Fuente rdacontent
Término de tipo de contenido texto
Código de tipo de contenido txt
337 ## - TIPO DE MEDIO
Fuente rdamedia
Nombre/término del tipo de medio computadora
Código del tipo de medio c
338 ## - TIPO DE SOPORTE
Fuente rdacarrier
Nombre/término del tipo de soporte recurso en línea
Código del tipo de soporte cr
502 ## - NOTA DE TESIS
Tipo de título Ingeniero Agrónomo Especialista en Parasitología Agrícola
Nombre de la institución que otorga el título Departamento de Enseñanza, Investigación y Servicio en Parasitología Agrícola,
Año de obtención del título 2022
Información miscelánea Licenciatura
504 ## - NOTA DE BIBLIOGRAFÍA, ETC.
Nota de bibliografía, etc. Incluye referencias bibliográficas: páginas 56-61
520 ## - SUMARIO, ETC.
Sumario, etc. En septiembre de 2021, en Texcoco, Estado de México se detectaron síntomas de un “Tizón foliar” en hortalizas de brócoli, col, coliflor, tomate, cebolla y lechuga, que ocasionaron el 100 % de pérdida en la empresa Germiplant. Por lo tanto, el objetivo de este trabajo fue identificar el agente causal del “Tizón foliar”. En invernadero se recolectaron muestras con síntomas de tizón, se aisló y se realizó una identificación por medio de PCR, la cual nos dio como resultado la presencia de Pantoea agglomerans, dicha bacteria generalmente se encuentra asociada a plantas como un epifito y endófito, contando con una amplia distribución en diversos ecosistemas naturales y agrícolas, en algunos casos actuando como antagonista de bacterias y hongos fitopatógenos, de igual manera existen sepas capaces de dañar la salud humana, aunque también cuenta con reportes como fitopatógeno causando síntomas similares a los detectados en las plántulas en el invernadero, los reportes existentes son mango, arroz, cebolla y maíz, este último reporte genera manchas cloróticas y se realizó aquí en México en la misma Región, lo que podría dar pie a investigaciones futuras, para evaluar si existe alguna relación entre ambas cepas. De igual manera se determinó cuál fue el origen del inóculo, para lo cual se realizó una prueba a las semillas y se realizó un asilado del sustrato que se utiliza para germinar.
650 #4 - PUNTO DE ACCESO ADICIONAL DE MATERIA--TÉRMINO DE MATERIA
9 (RLIN) 188608
Término de materia o nombre geográfico como elemento de entrada Tizón foliar
Subdivisión general Identificación
650 #0 - PUNTO DE ACCESO ADICIONAL DE MATERIA--TÉRMINO DE MATERIA
9 (RLIN) 172773
Término de materia o nombre geográfico como elemento de entrada Plantas
Subdivisión general enfermedades por hongoss
650 #4 - PUNTO DE ACCESO ADICIONAL DE MATERIA--TÉRMINO DE MATERIA
9 (RLIN) 132641
Término de materia o nombre geográfico como elemento de entrada Hortalizas
Subdivisión general Enfermedades
700 1# - PUNTO DE ACCESO ADICIONAL--NOMBRE DE PERSONA
9 (RLIN) 37903
Nombre de persona Espinosa Carrillo, Luis Othón
Término indicativo de función/relación Director
856 ## - LOCALIZACIÓN Y ACCESO ELECTRÓNICOS
Identificador Uniforme del Recurso http://10.13.5.2/tesis/tl/1510436-4_Cisneros_Sandoval_Elvira_Lizet.pdf
Nota pública DESCARGAR PDF
942 ## - ELEMENTOS DE PUNTO DE ACCESO ADICIONAL (KOHA)
Fuente del sistema de clasificación o colocación Clasificación Universidad Autónoma Chapingo
Tipo de ítem Koha Tesis digital
Holdings
Estado de retiro Estado de pérdida Fuente del sistema de clasificación o colocación Estado dañado Restricciones de uso No para préstamo Código de colección Localización permanente Ubicación/localización actual Ubicación en estantería Fecha de adquisición Total de préstamos Signatura topográfica completa Fecha visto por última vez Precio válido a partir de Tipo de ítem Koha
    Clasificación Universidad Autónoma de Chapingo   Préstamo interno   Tesis digitales de Licenciatura Biblioteca Digital Biblioteca Digital En línea 04/03/2024   Tesis digital 04/03/2024 04/03/2024 Tesis digital